000 00936nam0a22002771 4500
001 v19\rc\1876250
005 20251118180259.8
035 _a(NLR Aleph) 004966507
090 _a6039323
_c6039323
100 _a20251123 rusy50
101 0 _arus
102 _aRU
105 _ay z |||||
200 1 _aВсесовершенный характер богочеловека
_fПавел Левитов
210 _aХарьков
_cтип. "Мирн. труд"
_d1910
215 _a10 с.
_d23
311 _aОтт. из № 5 журн. "Вера и разум" за 1910 г.
488 0 _12001#$aВера и разум$v1910, № 5
_tВера и разум
700 1 _aЛевитов
_bП.В.
_gПавел Васильевич
801 0 _aRU
_bNLR
_gpsbo
801 0 _aRU
_bRuMoRGB
_2psbo
801 1 _aRU
_bProSoft-M
_2rusmarc
852 _aNLR
_j34.87.4.518
899 _aRuMoRGB
_jF 109/409
942 _cBOOK
980 _aNB